| 000 | 00679nam a22001817a 4500 | ||
|---|---|---|---|
| 005 | 20240708130227.0 | ||
| 010 | _aENG- 140806 | ||
| 020 |
_c495.00 _a9788122204971 |
||
| 035 | _aEN-124338 | ||
| 037 | _bDBAD | ||
| 082 |
_a796.3580954 _211 |
||
| 100 |
_aJha, Sanjay _968215 |
||
| 245 |
_aTriumphs, Trials And Turbulence: _cIndian Cricket 2003-10/ _bSanjay Jha |
||
| 260 |
_aNew Delhi _bOrien Pubishing (A division of Vision Books Pvt. Ltd.) _c2023-10 |
||
| 270 |
_bNew Delhi _aPrinted n India at Saurabh Printers Pvt. Ltd., Noida Cover Printed at Ravindra Printing Press, Delhi _e110006 |
||
| 300 |
_a276pg. _c22cm(hb) |
||
| 942 |
_2ddc _cEN _h796.3580954 _mJHA _e11 |
||
| 999 |
_c203999 _d203999 |
||